00336nam a2200109Ia 4500008004100000082000800041100001600049245004300065942000600108952009700114999001500211240331s9999 xx 000 0 und d bKES aKeshavan, K 0aSuamariyathai Iyakkamum pothu udamayum cL 001040708LaWERCLbWERCLcSSCd2024-03-31l0o 322.42 KESp784r2024-03-31w2024-03-31yL c2400d2400